000 00384nam a22001571a 4500
020 _a9788171195770
082 _aH3
_bVIB/K
100 _aVibhuti Narayana Rai
245 _aKisa Lokatantra/
_cby Vibhuti Narayana Rai
260 _aNew Delhi:
_bRadhakrishna,
_c2003.
300 _a160p.
650 _aNovel Hindi
650 _aLiterature Hindi
650 _aLiterature
942 _cBK
999 _c24308
_d24308